La didáctica de la lengua extranjera : (Record no. 144774)

MARC details
000 -CABECERA
campo de control de longitud fija 00676nam a2200193 u 4500
005 - FECHA Y HORA DE LA ÚLTIMA TRANSACCIÓN
campo de control 20230318063637.0
008 - ELEMENTOS DE LONGITUD FIJA--INFORMACIÓN GENERAL
campo de control de longitud fija 090928s2005 r 000 0 eng d
020 ## - NÚMERO INTERNACIONAL NORMALIZADO PARA LIBROS
Número Internacional Estándar del Libro 9586704637
035 ## - NÚMERO DE CONTROL DEL SISTEMA
Número de control de sistema UPN01000172670
049 ## - COLECCIÓN
Colección CG
050 #4 - SIGNATURA TOPOGRÁFICA DE LA BIBLIOTECA DEL CONGRESO
Número de clasificación P118.2
Número de documento/Ítem D5.2
245 03 - MENCIÓN DE TÍTULO
Título La didáctica de la lengua extranjera :
Resto del título estado de la discusión en Colombia /
Mención de responsabilidad, etc. Irina Kostina ... [et al.].
260 ## - PUBLICACIÓN, DISTRIBUCIÓN, ETC.
Lugar de publicación, distribución, etc. Santiago de Cali, Col. :
Nombre del editor, distribuidor, etc. Universidad del Valle,
Fecha de publicación, distribución, etc. 2005.
300 ## - DESCRIPCIÓN FÍSICA
Extensión 140 p. :
Otras características físicas cuadros, tablas
650 #4 - ASIENTO SECUNDARIO DE MATERIA - TERMINO TEMATICO
Término de materia o nombre geográfico como elemento de entrada ADQUISICION DE SEGUNDO LENGUAJE -
Subdivisión general METODOLOGIA
9 (RLIN) 216
650 #4 - ASIENTO SECUNDARIO DE MATERIA - TERMINO TEMATICO
Término de materia o nombre geográfico como elemento de entrada Lenguaje y lenguas
Subdivisión general Estudio y enseñanza
9 (RLIN) 6150
700 1# - ASIENTO SECUNDARIO--NOMBRE DE PERSONAL
Nombre de persona Kostina, Irina,
Término indicativo de función/relación coaut.
905 ## - TIPO DE MATERIAL
Tipo de material Libro
Holdings
Estado de retiro Estado de pérdida Fuente del sistema de clasificación o colocación Estado dañado No para préstamo Código de colección Localización permanente Ubicación/localización actual Ubicación en estantería Total de préstamos Clasificación Código de barras Fecha visto por última vez Número de copia Tipo de ítem Koha
    Library of Congress Classification     Colección General Bib. Gregorio Torres Quintero Bib. Gregorio Torres Quintero Planta baja 14 P118.2 D5.2 267960 31/12/2020 1 Libro